Statistics for guess the object

Click here to take the quiz!

General Stats

  • This quiz has been taken 11 times
  • The average score is 8 of 15

Answer Stats

Answer% Correct
Candy
100%
Cat
100%
Dog
100%
Gloves
100%
Rat
100%
Paper
91%
Eggs
82%
Bunny
73%
Bug
27%
Lake
9%
Poop
9%
A bird pooping
0%
A cow peeing
0%
Cucomber
0%
Woods
0%

Score Distribution

Percentile by Number Answered

Percent of People with Each Score

Your Score History

You have not taken this quiz